[Event "Schleswig Holstein-ch Seniors op 10th"]
[Site "Buesum"]
[Date "2016.10.01"]
[Round "6"]
[White "Flockerzi, Armin"]
[Black "Hilbig, Klaus"]
[Result "1-0"]
[WhiteElo "1839"]
[BlackElo "1709"]
[PlyCount "115"]
[EventDate "2016.09.26"]
[EventType "swiss"]
[EventRounds "9"]
[EventCountry "GER"]
[SourceTitle "EXT 2019"]
[Source "ChessBase"]
[SourceDate "2018.10.10"]
[SourceVersion "1"]
[SourceVersionDate "2018.10.10"]
[SourceQuality "1"]

1. d4 Nf6 2. Nf3 g6 3. g3 Bg7 4. Bg2 d6 5. Nbd2 Nc6 6. c3 e5 7. dxe5 dxe5 8. e3 Bf5 9. Qa4 Bd7 10. Qc2 Qe7 11. 0-0 0-0 12. b3 h6 13. Nc4 Bf5 14. Qe2 Rfd8 15. Ba3 Qe6 16. Rfd1 e4 17. Nd4 Nxd4 18. Rxd4 Nd5 19. Qc2 Bxd4 20. cxd4 f6 21. Nd2 Re8 22. Rc1 c6 23. Nc4 Red8 24. Na5 Rab8 25. Nc4 b6 26. Nd2 Re8 27. Qc4 Rec8 28. b4 b5 29. Qb3 Rb7 30. Bb2 a6 31. a3 Ra7 32. Rc5 a5 33. bxa5 Rxa5 34. Qc2 Ra6 35. h3 Bxh3 36. Bxe4 f5 37. Bxd5 cxd5 38. Rxc8+ Kf7 39. Qc7+ Qe7 40. Nf3 Kf6 41. Qxe7+ Kxe7 42. Ne5 g5 43. Rc6 Ra4 44. Rxh6 g4 45. Rc6 b4 46. axb4 Rxb4 47. Rc2 Kf6 48. Nd3 Rb6 49. Nf4 Rb5 50. Nxh3 gxh3 51. Kh2 Kg5 52. Kxh3 Rb7 53. Ba3 Rh7+ 54. Kg2 Rd7 55. Rc6 Ra7 56. Bc5 f4 57. exf4+ Kf5 58. Bxa7 1-0

[Event "Schleswig Holstein-ch Seniors op 10th"]
[Site "Buesum"]
[Date "2016.09.30"]
[Round "5"]
[White "Hilbig, Klaus"]
[Black "Walther, Renate"]
[Result "1-0"]
[WhiteElo "1709"]
[BlackElo "1207"]
[PlyCount "39"]
[EventDate "2016.09.26"]
[EventType "swiss"]
[EventRounds "9"]
[EventCountry "GER"]
[SourceTitle "EXT 2019"]
[Source "ChessBase"]
[SourceDate "2018.10.10"]
[SourceVersion "1"]
[SourceVersionDate "2018.10.10"]
[SourceQuality "1"]

1. d4 d5 2. Nf3 Nf6 3. e3 e6 4. Bd3 Bd6 5. Nbd2 Nbd7 6. 0-0 h6 7. b3 0-0 8. Bb2 c5 9. c4 Re8 10. Ne5 Nxe5 11. dxe5 Bxe5 12. Bxe5 d4 13. exd4 cxd4 14. Rc1 Bd7 15. Nf3 Rc8 16. Bxd4 b6 17. Ne5 Bc6 18. Nxc6 Rxc6 19. c5 Qxd4 20. Bh7+ 1-0

[Event "Schleswig Holstein-ch Seniors op 10th"]
[Site "Buesum"]
[Date "2016.09.26"]
[Round "1"]
[White "Hilbig, Klaus"]
[Black "Kierzek, Mira"]
[Result "1-0"]
[WhiteElo "1709"]
[BlackElo "2005"]
[PlyCount "137"]
[EventDate "2016.09.26"]
[EventType "swiss"]
[EventRounds "9"]
[EventCountry "GER"]
[SourceTitle "EXT 2019"]
[Source "ChessBase"]
[SourceDate "2018.10.10"]
[SourceVersion "1"]
[SourceVersionDate "2018.10.10"]
[SourceQuality "1"]

1. d4 Nf6 2. Nf3 e6 3. e3 d5 4. Nbd2 Bd6 5. Bd3 0-0 6. 0-0 c5 7. b3 cxd4 8. exd4 Nc6 9. a3 Qc7 10. Bb2 h6 11. c4 Ng4 12. g3 Nf6 13. Qe2 Nd7 14. Rac1 Be7 15. cxd5 exd5 16. Qxe7 Qb6 17. Qe2 Nf6 18. Rfe1 Bg4 19. Qf1 Rac8 20. b4 a6 21. h3 a5 22. b5 Bxf3 23. Nxf3 Na7 24. a4 Rxc1 25. Rxc1 Nc8 26. Ne5 Re8 27. Rc5 Nd6 28. f4 Qd8 29. Rc1 Nfe4 30. Qg2 Qf6 31. Ba3 Qd8 32. Kh2 f6 33. Bxd6 Qxd6 34. Nf3 Qa3 35. Qc2 f5 36. Ne5 Qb4 37. Nf3 Qa3 38. Re1 Qb4 39. Rb1 Qd6 40. Ne5 Qa3 41. Qb3 Qd6 42. Qc2 Qa3 43. Kg2 Kh7 44. g4 Qf8 45. g5 Qe7 46. g6+ Kg8 47. Bxe4 fxe4 48. Rb3 Qf6 49. Kg3 Rf8 50. Qf2 Rc8 51. Qd2 h5 52. h4 Rf8 53. Rc3 Qd6 54. Qc2 Qf6 55. Qc1 Qe6 56. Rc7 Re8 57. Rd7 Qf6 58. Qc7 Rf8 59. f5 b6 60. Rf7 Rxf7 61. Qxf7+ Qxf7 62. Nxf7 Kf8 63. Ne5 Ke7 64. Kf4 Kd6 65. Ke3 Ke7 66. Kf4 Kd6 67. f6 gxf6 68. g7 fxe5+ 69. dxe5+ 1-0

[Event "Hamburg-ch Seniors 22nd"]
[Site "Hamburg"]
[Date "2015.11.01"]
[Round "6"]
[White "Hilbig, Klaus"]
[Black "Kock, Rudolf"]
[Result "1/2-1/2"]
[WhiteElo "1712"]
[BlackElo "1653"]
[PlyCount "114"]
[EventDate "2015.10.28"]
[EventType "swiss"]
[EventRounds "9"]
[EventCountry "GER"]
[SourceTitle "EXT 2018"]
[Source "ChessBase"]
[SourceDate "2017.10.13"]
[SourceVersion "1"]
[SourceVersionDate "2017.10.13"]
[SourceQuality "1"]

1. d4 Nf6 2. Nf3 e6 3. e3 b6 4. Bd3 Bb7 5. Nbd2 d5 6. Ne5 c5 7. Bb5+ Nbd7 8. b3 Qc7 9. Bb2 a6 10. Be2 Nxe5 11. dxe5 Nd7 12. f4 Be7 13. 0-0 g6 14. c4 dxc4 15. Nxc4 Rg8 16. Nd6+ Bxd6 17. exd6 Qd8 18. Bf3 Bxf3 19. Qxf3 Qc8 20. Rac1 Ra7 21. a4 Qb7 22. e4 f6 23. Rfe1 Kf7 24. Rcd1 b5 25. a5 b4 26. Qd3 Qb5 27. Qxb5 axb5 28. Ra1 Ra6 29. Ra2 g5 30. fxg5 Rxg5 31. Bc1 Rg6 32. Rd1 e5 33. Kf2 Ke6 34. Be3 Rg8 35. Rd5 Rc8 36. g4 Rcc6 37. Rc2 Rxd6 38. Rxd6+ Kxd6 39. Ra2 Ke6 40. Kf3 c4 41. bxc4 bxc4 42. Ra4 b3 43. Rxc4 Rxa5 44. Rb4 Ra3 45. h4 Kd6 46. Ke2 Kc6 47. Kd2 Ra2+ 48. Kc1 Nc5 49. Bxc5 Rc2+ 50. Kb1 Kxc5 51. Rxb3 Rf2 52. g5 fxg5 53. hxg5 Rg2 54. Rh3 Kd4 55. Rxh7 Rxg5 56. Rh4 Rg2 57. Kc1 Kd3 1/2-1/2

[Event "Schleswig Holstein-ch Seniors op 9th"]
[Site "Buesum"]
[Date "2015.10.02"]
[Round "5"]
[White "Bondick, Karl Heinz"]
[Black "Hilbig, Klaus"]
[Result "1-0"]
[WhiteElo "2038"]
[BlackElo "1726"]
[PlyCount "81"]
[EventDate "2015.09.28"]
[EventType "swiss"]
[EventRounds "9"]
[EventCountry "GER"]
[SourceTitle "EXT 2018"]
[Source "ChessBase"]
[SourceDate "2017.10.13"]
[SourceVersion "1"]
[SourceVersionDate "2017.10.13"]
[SourceQuality "1"]

1. d4 Nf6 2. c4 g6 3. Nc3 Bg7 4. e4 d6 5. f4 0-0 6. Nf3 c5 7. d5 Qa5 8. Bd2 Bd7 9. Bd3 Bg4 10. 0-0 Nbd7 11. h3 Bxf3 12. Rxf3 Nh5 13. g4 Bd4+ 14. Kh1 Ng7 15. Ne2 Qb6 16. Nxd4 cxd4 17. b4 e5 18. f5 Qd8 19. Rc1 b6 20. Qf1 f6 21. fxg6 hxg6 22. Qf2 g5 23. Kg2 Rf7 24. Bxg5 Ne8 25. Rf1 Qe7 26. Bd2 Qf8 27. g5 Rg7 28. Kh2 Rg6 29. h4 Ng7 30. gxf6 Nh5 31. f7+ Kh7 32. Bg5 Kg7 33. Be2 Rxg5 34. hxg5 Nf4 35. Rxf4 exf4 36. Qxf4 Qh8+ 37. Kg2 Qf8 38. Bg4 Rd8 39. Bxd7 Rxd7 40. Qf6+ Kh7 41. Rh1+ 1-0

[Event "Schleswig Holstein-ch Seniors op 9th"]
[Site "Buesum"]
[Date "2015.09.29"]
[Round "2"]
[White "Hilbig, Klaus"]
[Black "Duijker, Bert"]
[Result "1-0"]
[WhiteElo "1726"]
[BlackElo "1907"]
[PlyCount "175"]
[EventDate "2015.09.28"]
[EventType "swiss"]
[EventRounds "9"]
[EventCountry "GER"]
[SourceTitle "EXT 2018"]
[Source "ChessBase"]
[SourceDate "2017.10.13"]
[SourceVersion "1"]
[SourceVersionDate "2017.10.13"]
[SourceQuality "1"]

1. d4 g6 2. Nf3 Bg7 3. e3 d6 4. Bd3 f5 5. e4 fxe4 6. Bxe4 Nf6 7. Bd3 0-0 8. 0-0 Nc6 9. c3 e5 10. dxe5 dxe5 11. Ng5 Nd5 12. Be4 Nce7 13. Qb3 Kh8 14. Rd1 c6 15. c4 Qb6 16. Qxb6 Nxb6 17. b3 Bf5 18. Nc3 h6 19. Nf3 Rad8 20. Ba3 Rxd1+ 21. Rxd1 Re8 22. Nh4 Bf6 23. Bxe7 Bxe7 24. Nxg6+ Bxg6 25. Bxg6 Rf8 26. Ne4 Kg7 27. Bh5 Rf5 28. Bf3 Kf8 29. Kf1 Rf4 30. Ke2 Rh4 31. h3 Rf4 32. g3 Rf7 33. Bg4 Ba3 34. Rd8+ Kg7 35. Be6 Rf8 36. Rd3 Re8 37. Bg4 Re7 38. f3 Bb4 39. Bf5 Ba3 40. g4 Bc1 41. Rd6 Bf4 42. Rg6+ Kh8 43. Rd6 Kg7 44. Nf6 Bg5 45. Nh5+ Kf8 46. Kd3 Ke8 47. Bg6+ Rf7 48. Bxf7+ Kxf7 49. Ng3 Bf4 50. Ne4 Ke7 51. Kc3 Nd7 52. Rd1 b6 53. b4 a6 54. a4 Be3 55. Ng3 Bd4+ 56. Kd3 c5 57. b5 axb5 58. axb5 Kf6 59. Ne4+ Ke6 60. Ng3 Kf6 61. Nf5 Kg5 62. Ke2 h5 63. Nd6 hxg4 64. hxg4 Kf4 65. Nf5 Kg5 66. Rh1 Nf6 67. Rh6 e4 68. Rh8 Nxg4 69. fxg4 Bxh8 70. Ke3 Kxg4 71. Kxe4 Bc3 72. Ne3+ Kg5 73. Kd5 Kf4 74. Nd1 Ba5 75. Nb2 Ke3 76. Nd1+ Kd2 77. Nf2 Kc3 78. Ne4+ Kd3 79. Nd6 Kc3 80. Kc6 Kd4 81. Kd7 Be1 82. Kc6 Ba5 83. Nb7 Kxc4 84. Nxa5+ bxa5 85. b6 a4 86. b7 a3 87. b8Q a2 88. Qa7 1-0

[Event "Hamburg-ch Seniors 21st"]
[Site "Hamburg"]
[Date "2014.10.31"]
[Round "4"]
[White "Wolke, Reimund"]
[Black "Hilbig, Klaus"]
[Result "1-0"]
[WhiteElo "1701"]
[BlackElo "1418"]
[PlyCount "99"]
[EventDate "2014.10.29"]
[EventType "swiss"]
[EventRounds "9"]
[EventCountry "GER"]
[SourceTitle "EXT 2018"]
[Source "ChessBase"]
[SourceDate "2017.10.13"]
[SourceVersion "1"]
[SourceVersionDate "2017.10.13"]
[SourceQuality "1"]

1. e4 e6 2. d4 d5 3. Nd2 c5 4. exd5 exd5 5. Ngf3 c4 6. b3 b5 7. a4 Qa5 8. Bb2 c3 9. Qe2+ Be7 10. Qxb5+ Qxb5 11. Bxb5+ Bd7 12. Bxd7+ Nxd7 13. Bxc3 Rc8 14. Nb1 Ngf6 15. Nfd2 Bd6 16. 0-0 0-0 17. Ra2 Rfe8 18. Ba5 Re2 19. g3 Rce8 20. Nf3 Ne4 21. Nbd2 f5 22. Raa1 Ndf6 23. Rae1 Rxe1 24. Nxe1 f4 25. Kg2 g5 26. Nd3 Rc8 27. Ne1 g4 28. f3 Nxd2 29. Bxd2 gxf3+ 30. Rxf3 Re8 31. Nd3 Re2+ 32. Rf2 Rxf2+ 33. Nxf2 fxg3 34. hxg3 Kf7 35. Kf3 Ke6 36. c4 dxc4 37. bxc4 Bc7 38. Bf4 Ba5 39. Ne4 Bd8 40. Nxf6 Kxf6 41. Ke4 Ke6 42. d5+ Kd7 43. c5 Ba5 44. c6+ Kc8 45. d6 Bb6 46. Kf5 Kd8 47. Ke6 h5 48. c7+ Bxc7 49. dxc7+ Kc8 50. Kf5 1-0

[Event "Hamburg-ch Seniors 21st"]
[Site "Hamburg"]
[Date "2014.10.29"]
[Round "1"]
[White "Hilbig, Klaus"]
[Black "Biermann Ratjen, Mathias"]
[Result "0-1"]
[WhiteElo "1418"]
[BlackElo "1743"]
[PlyCount "82"]
[EventDate "2014.10.29"]
[EventType "swiss"]
[EventRounds "9"]
[EventCountry "GER"]
[SourceTitle "EXT 2018"]
[Source "ChessBase"]
[SourceDate "2017.10.13"]
[SourceVersion "1"]
[SourceVersionDate "2017.10.13"]
[SourceQuality "1"]

1. d4 Nf6 2. Nf3 d5 3. e3 g6 4. c4 c6 5. Nc3 Bg7 6. Be2 0-0 7. 0-0 Nbd7 8. cxd5 cxd5 9. Qc2 b6 10. Bb5 Bb7 11. Qa4 a6 12. Bd3 b5 13. Qb4 a5 14. Qb3 b4 15. Na4 Bc6 16. Bd2 Ne4 17. Rfc1 Bb7 18. Nc5 Ndxc5 19. dxc5 Bc6 20. Be1 e6 21. Nd4 Bxd4 22. exd4 Qd7 23. Qd1 f6 24. f3 Ng5 25. h4 Nf7 26. f4 Kg7 27. Qe2 Rae8 28. a3 e5 29. fxe5 fxe5 30. dxe5 Nxe5 31. Qc2 d4 32. Bg3 Ng4 33. h5 Re3 34. Bd6 Rf2 35. Qxf2 Nxf2 36. Kxf2 Rxd3 37. h6+ Kxh6 38. Rh1+ Kg7 39. Be5+ Kg8 40. Bf4 Qg4 41. g3 Qf3+ 0-1

[Event "Hamburg Seniors-ch 20th"]
[Site "Hamburg"]
[Date "2013.11.07"]
[Round "9"]
[White "Woelk, Siegfried"]
[Black "Hilbig, Klaus"]
[Result "1-0"]
[WhiteElo "2030"]
[BlackElo "1574"]
[PlyCount "63"]
[EventDate "2013.10.30"]
[EventType "swiss"]
[EventRounds "9"]
[EventCountry "GER"]
[SourceTitle "EXT 2015"]
[Source "ChessBase"]
[SourceDate "2014.11.20"]
[SourceVersion "1"]
[SourceVersionDate "2014.11.20"]
[SourceQuality "1"]

1. d4 Nf6 2. Nc3 g6 3. e4 d6 4. f4 Bg7 5. Nf3 Nbd7 6. e5 dxe5 7. dxe5 Ng8 8. Be3 e6 9. Qd2 Ne7 10. 0-0-0 0-0 11. g4 f6 12. Bc4 Kf7 13. Rhf1 Nc6 14. Ne4 Nb6 15. Qe2 Qe8 16. Bc5 Nxc4 17. Bxf8 f5 18. gxf5 exf5 19. Qxc4+ Kxf8 20. Nc5 Qf7 21. Qa4 h6 22. Rg1 a6 23. Qa3 Ke8 24. e6 Qf6 25. Nd7 Bxd7 26. exd7+ Kd8 27. Qb3 b5 28. Qg8+ Ke7 29. Rge1+ Ne5 30. Rxe5+ Qxe5 31. d8Q+ Rxd8 32. Qxd8+ 1-0

[Event "SH-ch Seniors op"]
[Site "Eckernfoerde"]
[Date "2012.10.02"]
[Round "4.15"]
[White "Quiring, Nikolai"]
[Black "Hilbig, Klaus"]
[Result "1-0"]
[WhiteElo "2102"]
[BlackElo "1742"]
[PlyCount "111"]
[EventDate "2012.09.29"]
[EventType "swiss"]
[EventRounds "7"]
[EventCountry "GER"]
[SourceTitle "EXT 2022"]
[Source "ChessBase"]
[SourceDate "2021.10.06"]
[SourceVersion "1"]
[SourceVersionDate "2021.10.06"]
[SourceQuality "1"]

1. d4 Nf6 2. c4 g6 3. Nc3 Bg7 4. e4 d6 5. f3 0-0 6. Bg5 Nc6 7. Nge2 e5 8. dxe5 Nxe5 9. Ng3 h6 10. Be3 Be6 11. b3 Nh7 12. Qd2 f5 13. Bxh6 fxe4 14. Bxg7 Kxg7 15. f4 Nd3+ 16. Bxd3 exd3 17. 0-0 Qh4 18. Rae1 Rae8 19. Nge4 Nf6 20. g3 Qh5 21. Qxd3 Bf5 22. Nxf6 Bxd3 23. Nxh5+ gxh5 24. Rxe8 Rxe8 25. Rf3 Bf5 26. Kf2 c6 27. Re3 Rb8 28. Ne4 Bxe4 29. Rxe4 Kf6 30. h3 a5 31. Rd4 Rd8 32. c5 d5 33. Ra4 Kf5 34. Kf3 d4 35. g4+ hxg4+ 36. hxg4+ Kf6 37. Ke2 d3+ 38. Kd2 Rd5 39. Rxa5 b6 40. Ra6 Rxc5 41. Rxb6 Rc2+ 42. Kxd3 Rxa2 43. Rxc6+ Kg7 44. b4 Rg2 45. g5 Rg1 46. b5 Rd1+ 47. Ke4 Re1+ 48. Kf5 Rb1 49. Rc7+ Kf8 50. Kf6 Ke8 51. Re7+ Kd8 52. Re5 Kd7 53. g6 Rf1 54. f5 Rg1 55. g7 Kd6 56. Re8 1-0

[Event "GER-ch Seniors"]
[Site "Dresden"]
[Date "2012.08.11"]
[Round "3"]
[White "Belenkij, Juri"]
[Black "Hilbig, Klaus"]
[Result "1-0"]
[WhiteElo "1512"]
[BlackElo "1761"]
[PlyCount "94"]
[EventDate "2012.08.09"]
[EventType "swiss"]
[EventRounds "9"]
[EventCountry "GER"]
[SourceTitle "EXT 2014"]
[Source "ChessBase"]
[SourceDate "2013.11.20"]
[SourceVersion "1"]
[SourceVersionDate "2013.11.20"]
[SourceQuality "1"]

1. e4 e6 2. d4 d5 3. Nc3 Bb4 4. e5 c5 5. a3 Bxc3+ 6. bxc3 Qc7 7. Qg4 Ne7 8. Qxg7 Rg8 9. Qxh7 cxd4 10. Qd3 Qxe5+ 11. Ne2 dxc3 12. Bf4 Qf6 13. Qxc3 Qxc3+ 14. Nxc3 a6 15. Na4 Nbc6 16. Nb6 Ra7 17. c3 e5 18. Bd2 Bf5 19. Rc1 Na5 20. Be3 Nb3 21. Rd1 Be6 22. Nxd5 Nxd5 23. Bxa7 Nxc3 24. Rd3 Nb5 25. Bb6 Ke7 26. a4 N5d4 27. Rc3 Bf5 28. Bxd4 Nxd4 29. Rc7+ Kf6 30. Rxb7 Re8 31. Rb2 Nc2+ 32. Kd2 Rd8+ 33. Kc1 Nd4 34. Bxa6 Rd6 35. Bb5 Be6 36. f3 Nb3+ 37. Kc2 Rd2+ 38. Kc3 Rd8 39. Rxb3 Bxb3 40. Kxb3 Rd2 41. Rg1 Ke6 42. h4 Kf6 43. Kc3 Ra2 44. Kd3 Kf5 45. Ke3 Ra3+ 46. Kd2 Kg6 47. Ke2 Kh5 1-0

[Event "Hessen-ch Seniors op 08th"]
[Site "Bad Sooden-Allendorf"]
[Date "2012.04.22"]
[Round "9"]
[White "Hilbig, Klaus"]
[Black "Wauer, Klaus"]
[Result "0-1"]
[WhiteElo "1773"]
[BlackElo "1809"]
[PlyCount "62"]
[EventDate "2012.04.14"]
[EventType "swiss"]
[EventRounds "9"]
[EventCountry "GER"]
[SourceTitle "EXT 2019"]
[Source "ChessBase"]
[SourceDate "2018.10.10"]
[SourceVersion "1"]
[SourceVersionDate "2018.10.10"]
[SourceQuality "1"]

1. d4 d5 2. Nf3 c6 3. c4 Bf5 4. Nc3 e6 5. cxd5 exd5 6. Bf4 Bd6 7. Bxd6 Qxd6 8. Qb3 Qc7 9. Ne5 f6 10. Nd3 Bxd3 11. exd3 Ne7 12. Rc1 Qd7 13. Be2 a6 14. 0-0 0-0 15. Ne4 Kh8 16. Nc5 Qc8 17. Nxb7 Nd7 18. Nc5 Rb8 19. Qc2 Nf5 20. Qc3 Nd6 21. Qd2 Nb5 22. Qf4 Nxc5 23. dxc5 Qc7 24. Qxc7 Nxc7 25. Rb1 Ne6 26. b4 Rfe8 27. Bg4 Nd4 28. Rb2 f5 29. Bf3 Re6 30. a4 Rbe8 31. Rfb1 Re1+ 0-1

[Event "Hessen-ch Seniors op 08th"]
[Site "Bad Sooden-Allendorf"]
[Date "2012.04.17"]
[Round "4"]
[White "Hilbig, Klaus"]
[Black "Schumacher, Helmut"]
[Result "0-1"]
[WhiteElo "1773"]
[BlackElo "2041"]
[PlyCount "74"]
[EventDate "2012.04.14"]
[EventType "swiss"]
[EventRounds "9"]
[EventCountry "GER"]
[SourceTitle "EXT 2019"]
[Source "ChessBase"]
[SourceDate "2018.10.10"]
[SourceVersion "1"]
[SourceVersionDate "2018.10.10"]
[SourceQuality "1"]

1. d4 d5 2. Nf3 c6 3. e3 Nf6 4. Nbd2 Bf5 5. c4 e6 6. Be2 Nbd7 7. 0-0 Be7 8. Nh4 Bg6 9. Nxg6 hxg6 10. cxd5 exd5 11. a3 a5 12. a4 Qc7 13. f4 0-0 14. b3 Rfe8 15. Ba3 Bxa3 16. Rxa3 Rxe3 17. Ra2 Qb6 18. Nf3 Qxb3 19. Qa1 Qb6 20. Ne5 Nxe5 21. fxe5 Rxe5 22. Rb1 Qa7 23. Rxb7 Qxb7 24. dxe5 Ne4 25. Rb2 Qa7+ 26. Kh1 Nf2+ 27. Kg1 Nd3+ 28. Kh1 Nxb2 29. Qxb2 Rb8 30. Qc2 Qb6 31. Bd1 Qe3 32. h3 Qe1+ 33. Kh2 Qxe5+ 34. Kg1 Rb2 35. Qd3 Qe1+ 36. Kh2 Rd2 37. Qb3 Rxd1 0-1

[Event "MVP-ch Seniors op 11th"]
[Site "Binz"]
[Date "2011.12.03"]
[Round "4.61"]
[White "Maczollek, Helmut"]
[Black "Hilbig, Klaus"]
[Result "0-1"]
[WhiteElo "1468"]
[BlackElo "1625"]
[PlyCount "120"]
[EventDate "2011.11.30"]
[EventType "swiss"]
[EventRounds "9"]
[EventCountry "GER"]
[SourceTitle "EXT 2013"]
[Source "ChessBase"]
[SourceDate "2012.11.22"]
[SourceVersion "1"]
[SourceVersionDate "2012.11.22"]
[SourceQuality "1"]

1. d4 Nf6 2. Nf3 g6 3. c4 Bg7 4. Nc3 0-0 5. e4 d6 6. Be2 e5 7. dxe5 dxe5 8. Qxd8 Rxd8 9. Nxe5 Nxe4 10. Nxe4 Bxe5 11. 0-0 Bf5 12. Bg5 Re8 13. Bf3 Bxe4 14. Bxe4 Bxh2+ 15. Kxh2 Rxe4 16. b3 Nc6 17. Kg1 Rae8 18. Be3 f5 19. g3 Nd4 20. Bxd4 Rxd4 21. Rad1 Rxd1 22. Rxd1 Re7 23. Rd2 Kf7 24. Kf1 b6 25. a3 c5 26. a4 h6 27. Rd6 h5 28. a5 bxa5 29. Ra6 Rb7 30. Rxa5 Rc7 31. Ra6 Kg7 32. Kg2 g5 33. Kh3 Rb7 34. Rc6 Rxb3 35. Rxc5 Kf6 36. Rc7 Rc3 37. Rxa7 Rxc4 38. Ra5 Re4 39. Ra6+ Re6 40. Ra4 Rd6 41. Ra5 Re6 42. Rb5 Re1 43. Kg2 g4 44. Rb8 Re7 45. Rb6+ Re6 46. Rb8 Kg5 47. Rh8 Rg6 48. Rh7 Rh6 49. Rg7+ Kf6 50. Rb7 Rg6 51. Rb6+ Kg5 52. Rb4 Rf6 53. Rb8 h4 54. Rg8+ Rg6 55. Rxg6+ Kxg6 56. gxh4 f4 57. f3 g3 58. Kf1 Kh5 59. Kg1 Kxh4 60. Kg2 Kg5 0-1